000 00776cab a2200241 4500
001 WB3304-03
008 090401t1997 xxu||||| |||| 00| 0 eng d
035 _a(Sirsi) u32862
041 _aeng
245 _aAsbestos risk low
260 _c1997
350 _a0
490 _aFinancial Times
_v22 January 1997, 9(1)
520 _aAn independent report concludes that the health risk for tenants rehoused by Westminster City Council in flats containing asbestos, was low.
650 _aMANAGEMENT-HEALTH AND SAFETY-HAZARDOUS SUBSTANCES-ASBESTOS
650 _aCOUNCIL HOUSES
650 _aDOMESTIC PROPERTY
650 _aHEALTH HAZARDS
650 _aWESTMINSTER CITY COUNCIL
690 _aBUILT ENVIRONMENT-BUILDING STANDARDS
942 _n0
948 _c04/03/1997
999 _c21961
_d21961